00792nam a2200241Ia 4500003000900000008004100009020001800050040001600068080001500084100002700099245007100126260003300197300001600230650002100246650003100267650003100298650002800329650001900357700002900376942000700405999001500412952012300427IN-BaIIA211028s9999 xx 000 0 eng d a0-306-41531-3 cIIA Library a539.1bELE aShimamura, Isao914202 0aElectron-Molecule collisionscIsao Shimamura and Kazuo Takayanagi aNew YorkbPlenum Pressc1984 axiii, 570p. aCollisions94150 aElectron collisions914203 aMolecular collisions94048 aMolecular physics91914 aNASA Thesaurus aTakayanagi, Kazuo914204 cBK c8478d8478 00104070aBANbBANcGENd1985-10-09g1315.80l0o539.1/ ELEp9342r2021-11-05v1315.80w1985-10-09yBKGRs. 1,315.80